Welcome to CU Library Online Public Access Catalogue (OPAC)

Gender training in Ghana : (Record no. 2019)

MARC details
000 -LEADER
fixed length control field 00706cam a2200217 a 4500
001 - CONTROL NUMBER
control field 12620121
005 - DATE AND TIME OF LATEST TRANSACTION
control field 20241209165626.0
008 - FIXED-LENGTH DATA ELEMENTS--GENERAL INFORMATION
fixed length control field 010711s2001 gh b 001 0 eng
020 ## - INTERNATIONAL STANDARD BOOK NUMBER
International Standard Book Number 9964978766
050 00 - LIBRARY OF CONGRESS CALL NUMBER
Classification number HQ1240.5.G4
Item number G45 2001
245 00 - TITLE STATEMENT
Title Gender training in Ghana :
Remainder of title politics, issues & tools /
Statement of responsibility, etc. edited by Dzodzi Tsikata.
260 ## - PUBLICATION, DISTRIBUTION, ETC.
Place of publication, distribution, etc. Accra :
Name of publisher, distributor, etc. Woeli Pub. Services,
Date of publication, distribution, etc. 2001.
300 ## - PHYSICAL DESCRIPTION
Extent xii, 445 p. ;
Dimensions 22 cm.
500 ## - GENERAL NOTE
General note Errata slip inserted.
650 #0 - SUBJECT ADDED ENTRY--TOPICAL TERM
Topical term or geographic name entry element Women in development
Geographic subdivision Ghana.
650 #0 - SUBJECT ADDED ENTRY--TOPICAL TERM
Topical term or geographic name entry element Sex role
General subdivision Study and teaching
Geographic subdivision Ghana.
650 #0 - SUBJECT ADDED ENTRY--TOPICAL TERM
Topical term or geographic name entry element Women social reformers
General subdivision Training of
Geographic subdivision Ghana.
650 #0 - SUBJECT ADDED ENTRY--TOPICAL TERM
Topical term or geographic name entry element Social planning
Geographic subdivision Ghana.
700 1# - ADDED ENTRY--PERSONAL NAME
Personal name Tsikata, Dzodzi.
942 ## - ADDED ENTRY ELEMENTS (KOHA)
Source of classification or shelving scheme Library of Congress Classification
Koha item type Books
Suppress in OPAC No
999 ## -
-- 2019
-- 2019
Holdings
Withdrawn status Lost status Source of classification or shelving scheme Damaged status Not for loan Collection Home library Current library Shelving location Date acquired Total checkouts Full call number Barcode Date last seen Copy number Price effective from Koha item type
    Library of Congress Classification     Non-fiction Undergraduate Library (Christ Temple) Undergraduate Library (Christ Temple) General stacks 12/09/2024   HQ1240.SG4 GEN ulct00000552 12/09/2024 1 12/09/2024 Books
© 2023-2024 Copyright: Central University Libraries. All Rights Reserved | Created by: Mahone Tech Office